1883 1287 1065 1949 1225 1476 1663 1221 1632 1106 1946 1478 1778 1373 1582 1236 1849 1642 1110 1277 1809 1833 1364 1695 1933 1260 1474 1359 1956 1492 1740 1002 1252 1501 1233 1698 1531 1515 1584 1891 1009 1395 1890 1734 1488 1382 1955 1815 1028 1569 1094 1304 1797 1521 1028 1898 1563 1521 1048 1298 1481 1763 1064 1642 1895 1355 1476 1615 1479 1654 1548 1545 1845 1565 1321 1429 1543 1236 1770 1701 1088 1654 1716 1838 1406 1701 1042 1066 1311 1780 1493 1433 1400 1644 1548 1835 1400 1200 1759 BCNSPRNW ULIB Ver.6.0+V

เปลี่ยนเป็นภาษาไทย

Change to English
 แสดงรายละเอียดบรรณานุกรม
  กลับหน้าหลัก

Brief Record : Get Marc (ISO 2709) : E-mail record : QR code < ปิดหน้าต่าง
LEADER : 00000nam 2200000uu 4500
001    13399127411
003     ULIB
008    020711s2559 th a 000 0 tha d
020    ู^a9786162665301
050  0 ^aนว^bน196บ
100    ^aนภัค
245    ^aบรรณาการรักซาตาน
250    ^aพิมพ์ครั้งที่ 1
260    ^aกรุงเทพฯ :^bอินเลิฟ พับลิชชิ่ง คอร์เปอร์เรชั่น จำกัด,^c2559
300    ^a382 หน้า;^b21 ซม.
650    ^aนวนิยาย
945    ^p349^l0^i007085
999    ^aประนอม เกษจรัล
รายการนี้ยังไม่มีแท็ก
คุณยังไม่ได้ล็อกอิน คุณสามารถมีกิจกรรมร่วมกับเว็บไซต์ได้ แต่ต้องล็อกอินก่อน ::
  ล็อกอิน

รายการสื่อสารสนเทศ

ลำดับที่ ประเภท เลขเรียก/บาร์โค้ด สถานที่ สถานะ
1. นวนิยาย
นวนิยาย
นว น196บ ฉ.1 
  Barcode: 007085
ห้องสมุดวิทยาเขตสวรรค์ประชารักษ์
►หนังสือทั่วไป
บนชั้น

รายการใกล้เคียง
    หัวเรื่อง [นวนิยาย]

BibComment


ยังไม่เคยถูกคอมเมนท์

คอมเมนท์ทรัพยากรรายการนี้
  คอมเมนท์: บรรณาการรักซาตาน


 Copyright 2026. Bcnsprnw @Library